000
00214nam a2200097Ia 4500
100
_a
Luzadder
942
_c
BK
245
_a
Fund. Of Engineering Drawing
260
_b
Prentice Hall of India
_c
2001
546
_a
ENGLISH
999
_c
25493
_d
25493